000 01210cam a2200265 i 4500
003 SA-RiAUC
005 20241224143748.0
008 241221s1993 sy g 000r0dara c
040 _aSA-RiAUC
_bara
_cSA-RiAUC
_erda
082 0 4 _a235.3
090 _a235.3
_b ا ب و غ
100 1 _aأبو غدة، عبد الفتاح بن محمد بن بشير،
_d1917-1997
_eمؤلف.
245 1 0 _aتحقيق أسمى الصحيحين واسم جامع الترمزي /
_cبقلم عبد الفتاح أبو غدة.
250 _aالطبعة الأولى.
264 1 _aحلب، سوريا :
_bمكتب المطبوعات الإسلامية،
_c[1993]
300 _a96 صفحة ؛
_c24 سم
336 _aنص
_btxt
_2rdacontent
_3كتاب
337 _aبدون وسيط
_bn
_2rdamedia
338 _aمجلد
_bnc
_2rdacarrier
600 1 7 _aالبخاري، محمد بن إسماعيل بن إبراهيم،
_d194-256 هجري
_2aucnm
600 1 7 _aالإمام مسلم، مسلم بن الحجاج بن مسلم،
_d204-261 هجري
_2aucnm
600 1 7 _aالترمذي، محمد بن عيسى بن سورة،
_d209-279 هجري
_2aucnm
942 _2ddc
_cBOOK
_n0
949 _aSA-JeALM
_d241221
_umohamedma123
_n1
999 _c3919
_d3919